Perich Match / (Registro nro. 13028)
[ vista simple ]
| 000 -LEADER | |
|---|---|
| fixed length control field | 00734nam a22002297a 4500 |
| 003 - CONTROL NUMBER IDENTIFIER | |
| control field | DO-SdBNP |
| 005 - DATE AND TIME OF LATEST TRANSACTION | |
| control field | 20171124110714.0 |
| 008 - FIXED-LENGTH DATA ELEMENTS--GENERAL INFORMATION | |
| fixed length control field | 171122b 1971 sp |||| |||| 00| 0 spa d |
| 040 ## - CATALOGING SOURCE | |
| Original cataloging agency | BPMSU |
| Language of cataloging | spa |
| Transcribing agency | BPMSU |
| 092 ## - LOCALLY ASSIGNED DEWEY CALL NUMBER (OCLC) | |
| Classification number | xxxxx |
| Item number | xxxxx |
| 100 1# - MAIN ENTRY--PERSONAL NAME | |
| Personal name | Peric, Jaume |
| 245 10 - TITLE STATEMENT | |
| Title | Perich Match / |
| Statement of responsibility, etc. | Jaume Perich ; prólogo Joan de Sagarra ; introducción Román Gubern. |
| 260 ## - PUBLICATION, DISTRIBUTION, ETC. (IMPRINT) | |
| Place of publication, distribution, etc. | Barcelona : |
| Name of publisher, distributor, etc. | Ediciones Península, |
| -- | Ediciones de Bolsillo, |
| Date of publication, distribution, etc. | 1971. |
| 300 ## - PHYSICAL DESCRIPTION | |
| Extent | 136 p. : |
| Other physical details | il. ; |
| Dimensions | 20 cm. |
| 490 1# - SERIES STATEMENT | |
| Series statement | L'Escorpí. |
| 700 12 - ADDED ENTRY--PERSONAL NAME | |
| Personal name | Sagarra, Joan de |
| Relator term | pról. |
| 700 12 - ADDED ENTRY--PERSONAL NAME | |
| Personal name | Gubern, Román |
| Relator term | introd. |
| 830 #0 - SERIES ADDED ENTRY--UNIFORM TITLE | |
| Uniform title | L'Escorpí |
| 942 ## - ADDED ENTRY ELEMENTS (KOHA) | |
| Source of classification or shelving scheme | Dewey Decimal Classification |
| Koha item type | Libros |
| 945 ## - LOCAL PROCESSING INFORMATION (OCLC) | |
| a | Inventario / 2017 LP |
| 956 ## - LOCAL ELECTRONIC LOCATION AND ACCESS (OCLC) | |
| Host name | LOPEREZ |
| Access number | 10 |
| Compression information | 20171122 |
| Processor of request | 0041 |
| Instruction | BPMSU |
| Withdrawn status | Lost status | Source of classification or shelving scheme | Damaged status | Not for loan | Collection code | Home library | Current library | Date acquired | Source of acquisition | Total Checkouts | Barcode | Date last seen | Price effective from | Koha item type |
|---|---|---|---|---|---|---|---|---|---|---|---|---|---|---|
| Dewey Decimal Classification | Colección General | Biblioteca Pública Metropolitana Salomé Ureña | Biblioteca Pública Metropolitana Salomé Ureña | 11/22/2017 | Donación | BPMSU17110347 | 11/22/2017 | 11/22/2017 | Libros |